000
00206 a2200097 4500
001
4473
100
_a
Ridenowe,L.N
245
_a
Radar system engineering
260
_a
_b
Mcgrawhill
_c
090
_c
3671
_d
3671
942
_a
NUST-CAE
_c
M
_c
29680
999
_c
239546
_d
239546